Promenade d'une fillette autour d'un laboratoire / (Record no. 154702)
[ view plain ]
| 000 -LEADER | |
|---|---|
| campo de control de longitud fija | 00750nam a22001935i 4500 |
| 001 - NÚMERO DE CONTROL | |
| campo de control | 154702 |
| 003 - IDENTIFICADOR DE NÚMERO DE CONTROL | |
| campo de control | ES-MaACL |
| 005 - FECHA Y HORA DE LA ÚLTIMA TRANSACCIÓN | |
| campo de control | 20230906205825.0 |
| 008 - DATOS DE LONGITUD FIJA--INFORMACIÓN GENERAL | |
| campo de control de longitud fija | 040707q18701900fr a |||| | fre d |
| 040 ## - FUENTE DE CATALOGACIÓN | |
| Centro catalogador/agencia de origen | CAM |
| Lengua de catalogación | spa |
| Centro/agencia transcriptor | CAM |
| 100 1# - ENTRADA PRINCIPAL--NOMBRE DE PERSONA | |
| Nombre de persona | Gouzy, P. |
| 9 (RLIN) | 127504 |
| 245 10 - MENCIÓN DEL TÍTULO | |
| Título | Promenade d'une fillette autour d'un laboratoire / |
| Mención de responsabilidad, etc. | par P. Gouzy; dessins de Tournois. |
| 250 ## - MENCION DE EDICION | |
| Mención de edición | 2e éd. |
| 260 ## - PUBLICACIÓN, DISTRIBUCIÓN, ETC. | |
| Lugar de publicación, distribución, etc. | Paris : |
| Nombre del editor, distribuidor, etc. | Bibliotheque d'Education et de Récréation, J. Hetzel et c\pie\s, |
| Fecha de publicación, distribución, etc. | [s.a.] ( |
| Fabricante | Imprimerie de A. Lahure) |
| 300 ## - DESCRIPCIÓN FÍSICA | |
| Extensión | III, 362 p. : |
| Otras características físicas | il. ; |
| Dimensiones | 19 cm. |
| 596 1# - NOTA AL PIE DE IMPRENTA | |
| NOTA AL PIE DE IMPRENTA | Probablemente fechada en el último cuarto del siglo XIX. |
| 700 11 - ENTRADA AGREGADA--NOMBRE PERSONAL | |
| Nombre de persona | Tournois, |
| Término indicativo de función/relación | |
| 9 (RLIN) | 133359 |
| 852 ## - LOCALIZACIÓN | |
| Ubicación | ES-MaACL |
| Número de control de estantería | C-2687 |
| Nota libre | -- Rust. deteriorado |
| -- | -- Legado de M. de la Fuente |
| Estatus retirado | Estado de pérdida | Estado de daño | No para préstamo | Biblioteca de origen | Biblioteca actual | Ubicación en estantería | Fecha de adquisición | Fuente de adquisición | Total de préstamos | Signatura topográfica completa | Código de barras | Visto por última vez | Precio de reemplazo | Tipo de ítem Koha |
|---|---|---|---|---|---|---|---|---|---|---|---|---|---|---|
| Biblioteca del Ateneo de Madrid | Biblioteca del Ateneo de Madrid | Sala Palomar | 17/01/2008 | C-2687 | 1161808 | 23/02/2023 | 23/02/2023 | Libro impreso |
